00591nam a2200229Ia 450000500170000000800460001702000180006303700100008104000080009104000080009904000080010704100080011504100080012308400080013110000280013924500810016726000220024826000220027026000090029265000120030185600480031320260121125053.0008 260114s9999 xx 000 0 eng d a9781978814813 aEBOOK aCRL beng cCRL 2eng aeng qCRL aDArcangelis, Gwen Shuni 0aBio-Imperialism: Disease, Terror, and the Construction of National Fragility bWalter de Gruyter bWalter de Gruyter c2021 aHistory uhttp://www.degruyter.com/isbn/9781978814813